000 00887nam a22001817a 4500
999 _c62489
_d62489
003 Ge_BSU
005 20241115163821.0
008 241115s1952 ge ||||| |||| 00| 0 geo d
041 _ageo
080 _a616.89(479.22)(092) მ-53
100 _aმენთეშაშვილი, ი.
_922414
245 _aმიხეილ ასათიანი :
_bბიოგრაფიული ნარკვევი /
_cი. მენთეშაშვილი.
264 _aთბილისი :
_bსაქმედგამი,
_c 1952 .
300 _a32 გვ. :
_bპორტრ., 1 ფურც. პორტრ. ;
_c 21 სმ.
653 _aსაქართველოს მედიცინის მოღვაწენი
653 _aქართველი ფსიქიატრები -- ასათიანი, მიხეილ.
942 _2udc
_cBK